000 00351nam a22001457a 4500
020 _a978-81-312-3116-6
082 _a611,O13O
100 _aORELL,SVANTE.R.
245 _aORELL & STERRETT'S FINE NEEDLE ASPIRATION CYTOLOGY
250 _a5TH
260 _aEDINBURGH
_bCHURCHILL LIVINGSTONE
_c2013
300 _a482
650 _aDADH
942 _2ddc
_cBK
999 _c9937
_d9937